Trees without roots (Record no. 1713)

MARC details
000 -LEADER
campo de control de longitud fija 00494nam a2200133 4500
008 - DATOS DE LONGITUD FIJA--INFORMACIÓN GENERAL
campo de control de longitud fija 779.092 H128t
020 ## - NÚMERO INTERNACIONAL ESTÁNDAR DEL LIBRO
Número Internacional Estándar del Libro 9789678194804
082 ## - NÚMERO DE LA CLASIFICACIÓN DECIMAL DEWEY
Número de clasificación 779.092
Número de ítem H128t
100 ## - ENTRADA PRINCIPAL--NOMBRE DE PERSONA
Nombre de persona Hadeed, Abigail
9 (RLIN) 3619
245 ## - MENCIÓN DEL TÍTULO
Título Trees without roots
Resto del título The Caribbean & Central America
260 ## - PUBLICACIÓN, DISTRIBUCIÓN, ETC.
Lugar de publicación, distribución, etc. Trinidad y Tobago
Nombre del editor, distribuidor, etc. Caribbean Paper & Printed Products
Fecha de publicación, distribución, etc. 2006
300 ## - DESCRIPCIÓN FÍSICA
Extensión 78 p.
Otras características físicas ill
Dimensiones 16 x 14 cm
650 ## - PUNTO DE ACCESO ADICIONAL DE MATERIA--TÉRMINO DE MATERIA
Subdivisión general arte contemporáneo
-- fotografía
-- Centroamérica
-- caribe
-- fotografía histórica
-- fotografía - migraciones
9 (RLIN) 6875
Holdings
Estatus retirado Estado de pérdida Fuente del sistema de clasificación o colocación Estado de daño No para préstamo Biblioteca de origen Biblioteca actual Ubicación en estantería Fecha de adquisición Total de préstamos Signatura topográfica completa Código de barras Visto por última vez Precio de reemplazo Tipo de ítem Koha
    Clasificación Decimal Dewey     Biblioteca LadoV Biblioteca LadoV   07/02/2019   779.092 H128t 002198 07/02/2019 07/02/2019 Material 01